Statistiques concernant Paroles - Lettre à une femme, Ninho

Cliquez ici pour prendre le quiz!

Statistiques générales

  • Ce quiz a été pris 1 007 fois
  • Le résultat moyen est 282 sur 399

Statistiques - réponses

Paroles% Correct
À
96%
à
96%
a
96%
ma
96%
S
95%
Je
93%
je
93%
de
92%
un
92%
au
91%
femme
91%
tu
91%
si
90%
toi
90%
vie
90%
c'est
89%
C'est
89%
une
89%
Une
89%
Y
89%
y
89%
des
88%
et
87%
Et
87%
tes
87%
copines
86%
La
86%
la
86%
aura
85%
tout
85%
ai
84%
Elle
84%
elle
84%
J'ai
84%
j'ai
84%
même
84%
83%
Qui
82%
qui
82%
fais
81%
Fais
81%
mal
81%
trop
81%
gâcher
80%
le
80%
mes
80%
que
80%
bébé
79%
crâne
79%
comme
78%
du
78%
maladie
78%
mon
78%
sans
78%
savoir
78%
toute
78%
erreurs
77%
faire
77%
veux
77%
chercher
76%
cris
76%
future
76%
t'aimer
76%
veulent
76%
arrivent
75%
muerte
75%
p't-être
75%
trouver
75%
elles
74%
reine
74%
J'pourrais
73%
pleurs
73%
princesse
73%
vraiment
73%
dans
72%
fille
72%
il
72%
peut-être
72%
qu'on
72%
aille
71%
mère
71%
par
71%
s'ra
71%
centaines
70%
en
70%
mais
70%
Mais
70%
moi
70%
Moi
70%
on
70%
On
70%
respecter
70%
royaume
70%
vu
70%
ça
69%
j'en
69%
sais
69%
famille
68%
mort
68%
trucs
68%
dis
67%
ressemble
67%
William
67%
veut
66%
avec
65%
avenir
65%
défiler
65%
fierté
65%
nous
65%
panthère
65%
côtés
64%
ton
64%
deux
63%
sourire
63%
construire
62%
disent
62%
NI
62%
vois
62%
jamais
61%
j'suis
61%
kiffé
61%
m'faut
61%
putain
61%
bout
60%
classe
60%
Classe
60%
f'rai
60%
J'dois
60%
j'dois
60%
loup
60%
plus
60%
souffrir
60%
Jusqu'au
59%
mi
59%
d'artiste
58%
binks
57%
j'le
57%
s'oubliera
57%
d'vie
56%
fuck
56%
amor
55%
folie
55%
j'te
55%
best
54%
j'le
54%
reste
54%
m'aime
53%
qu'elle
53%
Oh
51%
juste
50%
J'voulais
49%
pas
49%
est
48%
tombe
48%
attention
47%
qu't'as
47%
affaire
46%
aussi
46%
quand
46%
bella
45%
jalouse
45%
car
44%
maille
44%
ici
43%
showcase
43%
OG
42%
paix
42%
tombes
41%
d'la
40%
guerre
40%
les
40%
nos
40%
t'as
39%
m'barrer
38%
m'dit
38%
Ne
38%
projets
37%
qu'ça
37%
y'aura
37%
Hey
36%
viens
36%
compris
35%
l'heure
34%
depuis
33%
peur
33%
l'bolide
32%
Paris
32%
clés
31%
Portes
30%
quoi
30%
coeur
29%
s'balade
29%
baby
26%
mama
26%
poche
26%
son
25%
efforts
23%
brouille
22%
pistes
22%
tête
21%
rien
18%
qu'j'fasse
17%
prendra
16%
yeah
10%

Distribution des résultats

Percentile par nombre de réponses

% des personnes avec chaque résultat

Votre développement - résultats

Vous n’avez pas pris ce quiz